000 01081nam a2200277 i 4500
001 bg
100 _aPadroś, Alicia.
245 _aDidaktik der Landeskunde /
_cAlicia Padroś und Markus Biechele.
260 _aBerlin [etc.] :
_bLangenscheidt ;
_c2006.
300 _a159 s. :
_bil. ;
_c30 cm.1
490 _aFernstudienprojekt zur Fort- und Weiterbildung im Bereich Germanistik und Deutsch als Fremdsprache.
_pTeilbereich Deutsch als Fremdsprache
_vFernstudieneinheit 31,
504 _aBibliogr.
650 _aJęzyk niemiecki
_xnauczanie
650 _aKrajoznawstwo
_xzagadnienia
655 _aPodręczniki
700 1 _aBiechele, Markus.
830 _aFernstudienprojekt zur Fort- und Weiterbildung im Bereich Germanistik und Deutsch als Fremdsprache.
_pTeilbereich Deutsch als Fremdsprache
020 _a9783468496431
040 _cBPK
041 0 _ager
044 _aDEU
080 _a811.112.2:37.091.3](072)
942 _cKS
008 s pl f |000 0 pol
999 _c54359
_d54359
856 _uhttp://koha.tu.koszalin.pl/cgi-bin/koha/opac-detail.pl?biblionumber=54359
_yKatalog online BPK